| 000 | 00933nam a2200217Ii 4500 | ||
|---|---|---|---|
| 003 | JO-AjNU | ||
| 008 | 230605s9999||||xx |||||||||||||| ||und|| | ||
| 040 |
_aJO-AjNU _bara _erda _cJO-AjNU |
||
| 041 | _aara | ||
| 050 | 1 | 4 | _aQ127,A7.M38 1997 |
| 100 | 3 |
_aاشراف راشد، رشدي، م . مشارك مورلون ريجيس معاون, _eauthor _946330 |
|
| 245 | 0 | 0 | _aموسوعة تاريخ العلوم العربية |
| 250 | _aد.ط | ||
| 264 | 3 | 1 | _aالاردن: مركز دراسات الوحدة العربية /عمان: مؤسسة عبد الحميد شومان، 1997 |
| 300 |
_a1409ص _bفهارس من صفحة 1355-1409 |
||
| 336 |
_atext _btxt _2rdacontent |
||
| 337 |
_aunmediated _bn _2rdamedia |
||
| 338 |
_avolume _bnc _2rdacarrier |
||
| 490 | 0 | _a(سلسلة تاريخ العلوم العربية4) | |
| 650 | 4 |
_aالعلوم عند العرب - دوائر ومعارف - العلوم- تاريخ _946331 |
|
| 999 |
_aA20146 _c23714 _d23714 |
||